罪 Zui {ch} / (Record no. 32404)
[ view plain ]
| 000 -LEADER | |
|---|---|
| fixed length control field | 01402nam a2200301 4500 |
| 008 - FIXED-LENGTH DATA ELEMENTS--GENERAL INFORMATION | |
| fixed length control field | 081024s2006 -hk b 001 0 chi d |
| 020 ## - INTERNATIONAL STANDARD BOOK NUMBER | |
| International Standard Book Number | 9628911139 :NT1,20/952/Php1,428/gift : Taipei Christian Linshun South Road Church |
| 020 ## - INTERNATIONAL STANDARD BOOK NUMBER | |
| International Standard Book Number | 9789628911134 |
| 041 1# - LANGUAGE CODE | |
| Language code of text/sound track or separate title | chi |
| Language code of original and/or intermediate translations of text | dut |
| 090 ## - LOCALLY ASSIGNED LC-TYPE CALL NUMBER (OCLC); LOCAL CALL NUMBER (OCLC) | |
| Classification number (OCLC) (R) ; Classification number, CALL (RLIN) (NR) | BT715 |
| Local cutter number (OCLC) ; Book number/undivided call number, CALL (RLIN) | B45 |
| -- | 2006 |
| 100 1# - MAIN ENTRY--PERSONAL NAME | |
| Personal name | 貝爾考韋爾 Berkouwer, G. C. |
| Fuller form of name | (Gerrit Cornelis), |
| Dates associated with a name | 1903- |
| 240 10 - UNIFORM TITLE | |
| Uniform title | Zonde. |
| Language of a work | Chinese |
| 245 10 - TITLE STATEMENT | |
| Title | 罪 Zui {ch} / |
| Statement of responsibility, etc | 貝爾考韋爾 Beierkaoweier zhu ; 刘宗坤 等译Liu Zongkun zhu yi |
| 246 10 - VARYING FORM OF TITLE | |
| Title proper/short title | Sin / |
| -- | Gerrit C. Berkouwer.. |
| 246 31 - VARYING FORM OF TITLE | |
| Title proper/short title | Sin |
| 250 ## - EDITION STATEMENT | |
| Edition statement | Chu ban. |
| 260 ## - PUBLICATION, DISTRIBUTION, ETC. (IMPRINT) | |
| Place of publication, distribution, etc | Hong Kong : |
| Name of publisher, distributor, etc | 漢語基督教文化研究所Institute of Sino-Christian Studies; |
| Place of publication, distribution, etc | Xianggang : |
| Name of publisher, distributor, etc | 道风出版社 Dao feng shu she, |
| Date of publication, distribution, etc | 2006. |
| 300 ## - PHYSICAL DESCRIPTION | |
| Extent | xxx, 724 p. ; |
| Dimensions | 21 cm. |
| 490 1# - SERIES STATEMENT | |
| Series statement | Li dai Jidu jiao si xiang xue shu wen ku. Xian dai xi lie = |
| -- | Chinese academic library of Christian thought. Modern series ; |
| Volume number/sequential designation | 225 |
| 500 ## - GENERAL NOTE | |
| General note | Translation of: Sin. Originally published as: De Zonde. |
| 500 ## - GENERAL NOTE | |
| General note | Yi zi: De Zonde. |
| 504 ## - BIBLIOGRAPHY, ETC. NOTE | |
| Bibliography, etc | Fu can kao wen xian ji suo yin. |
| 504 ## - BIBLIOGRAPHY, ETC. NOTE | |
| Bibliography, etc | Includes bibliographical references and indexes. |
| 650 #4 - SUBJECT ADDED ENTRY--TOPICAL TERM | |
| Topical term or geographic name as entry element | 基督教 罪论Sin |
| General subdivision | Christianity {ch}. |
| 951 ## - EQUIVALENCE OR CROSS-REFERENCE-GEOGRAPHIC NAME/AREA NAME [OBSOLETE] [CAN/MARC only] | |
| General subdivision | 00037040 |
| 830 #4 - SERIES ADDED ENTRY--UNIFORM TITLE | |
| Uniform title | Li dai Jidu jiao si xiang xue shu wen ku. |
| Name of part/section of a work | Xian dai xi lie ; |
| Volume number/sequential designation | 225. |
| 951 ## - EQUIVALENCE OR CROSS-REFERENCE-GEOGRAPHIC NAME/AREA NAME [OBSOLETE] [CAN/MARC only] | |
| -- | C-8997 |
| -- | REF-CHBT715/B45/2006 |
| -- | 081024140842717 |
| -- | 2000-12-21 |
| -- | Ref-CH |
| Withdrawn status | Lost status | Damaged status | Not for loan | Home library | Current library | Shelving location | Date acquired | Accession number | Shelving control number | Total Checkouts | Full call number | Date last seen | Price effective from | Koha item type |
|---|---|---|---|---|---|---|---|---|---|---|---|---|---|---|
| BSOP Library | BSOP Library | 12/21/2000 | C-8997 | 127 | REF-CHBT715/B45/2006 | 02/23/2013 | 02/23/2013 | Books |
